Normal view
MARC view
- George A Steiner and John F. Steiner
Entry Personal Name
001 - CONTROL NUMBER
- control field: 3593
003 - CONTROL NUMBER IDENTIFIER
- control field: OSt
005 - DATE AND TIME OF LATEST TRANSACTION
- control field: 20201007152335.0
008 - FIXED-LENGTH DATA ELEMENTS
- fixed length control field: 201007|| aca||aabn | a|a d
040 ## - CATALOGING SOURCE
- Original cataloging agency: OSt
- Transcribing agency: OSt
100 ## - HEADING--PERSONAL NAME
- Personal name: George A Steiner and John F. Steiner
670 ## - SOURCE DATA FOUND
- Source citation: Work cat.: (OSt): Steiner, George A. 1768, Business, Government, and Society: A Managerial Perspective, c1971
